000 00304nam a2200121Ia 4500
008 230907s9999||||xx |||||||||||||| ||und||
082 _a628.5
_bALL,
100 _aAllan K.
_9115357
245 0 _aEnvironmental biotechnology
260 _aCBS publishers
_bNew Delhi
_c2016
300 _a597p.
942 _cBK
999 _c598231
_d598231